000
00354nam a2200157Ia 4500
003
OSt
005
20231204110045.0
008
170524s9999 xx 000 0 und d
020
_a
9788120329980
040
_c
IIMT UNIVERSITY
100
_a
Comer Douglas E
245
0
_a
TCP/IP Principle- Protocols
260
_b
PHI
260
_c
2007
942
_2
ddc
_c
02
999
_c
4979
_d
4979